000 00357nam a2200133Ia 4500
008 231129s9999||||xx |||||||||||||| ||spa||
020 _a84-7634-634-4
040 _bspa
082 _a808.3876 V222u
100 _aVance Jack
245 0 _aEl ultimo castillo ; Hombres y dragones
264 _aOrbis
942 _2ddc
_cBKS
999 _c12602
_d12602